000 00789nam a22002177a 4500
005 20250416135811.0
008 250416b |||||||| |||| 00| 0 eng d
020 _a978-81-19857-07-4 (pbk)
037 _cTB
040 _aCRL
_cCRL
041 _2pun
_apun
084 _aNR4443 153R4
_qCRL
245 _aਉੱਚਰਾਂ ਬੂਰਜ ਲਾਹੌਰ ਦਾ
260 _aਪਟਿਆਲਾ, ਭਾਰਤ:
_bਔਟਉਮੰ ਆਰਟ,
_c2024.
300 _a259 ਪ.
365 _b375.00
_cINR
650 _aਸੰਗੀਤ
700 _a ਕੌਰ,ਗੁਰਮੀਤ (Comipler)
_9752353
942 _2CC
_cTB
_hNR4443 153R4
_n0
999 _c1309056
_d1309056